Catálogo
 En Linea

Hechos de los Apóstoles. / (Registro nro. 53082)

Detalles MARC
000 -CABECERA
campo de control de longitud fija 00839nam a2200241 a 4500
003 - IDENTIFICADOR DEL NÚMERO DE CONTROL
campo de control DO-SdBNP
005 - FECHA Y HORA DE LA ÚLTIMA TRANSACCIÓN
campo de control 20221207124832.0
007 - CAMPO FIJO DE DESCRIPCIÓN FÍSICA--INFORMACIÓN GENERAL
campo de control de longitud fija ta
008 - DATOS DE LONGITUD FIJA--INFORMACIÓN GENERAL
campo de control de longitud fija 221207e2012 dr |||gr|||| 00| 0 spa d
040 ## - FUENTE DE LA CATALOGACIÓN
Centro catalogador/agencia de origen DO-SdBNP
Lengua de catalogación spa
Centro/agencia transcriptor BNPHU
082 #4 - NÚMERO DE LA CLASIFICACIÓN DECIMAL DEWEY
Número de edición 22
Número de documento/Ítem A742h
100 1# - ENTRADA PRINCIPAL--NOMBRE DE PERSONA
9 (RLIN) 18296
Nombre de persona Arnaiz, Fco. José,
Fechas asociadas al nombre 1941-
240 ## - TÍTULO UNIFORME
Título uniforme Biblia
Lenguaje de la obra spa
245 10 - MENCIÓN DE TÍTULO
Título Hechos de los Apóstoles. /
Mención de responsabilidad, etc. Fco. José Arnaiz
264 ## - PRODUCCIÓN, PUBLICACIÓN, DISTRIBUCIÓN, FABRICACIÓN Y COPYRIGHT
Producción, publicación, distribución, fabricación y copyright Santo Domingo :
Nombre del de productor, editor, distribuidor, fabricante Amigo del Hogar,
Fecha de producción, publicación, distribución, fabricación o copyright 2012
300 ## - DESCRIPCIÓN FÍSICA
Extensión 15 p. ;
Dimensiones 20 cm.
500 ## - NOTA GENERAL
Nota general Tomado de Pensamiento y vida del Periódico Listín Diario, sábado 5 de mayo de 2012.
590 ## - NOTA LOCAL (RLIN)
Nota local Inventariado 2022 / MF
650 #4 - PUNTO DE ACCESO ADICIONAL DE MATERIA--TÉRMINO DE MATERIA
9 (RLIN) 4419
Término de materia o nombre geográfico como elemento de entrada Biblia
Subdivisión de forma Hechos de Los Apóstoles
Subdivisión general Crítica e Interpretación, etc.
650 #4 - PUNTO DE ACCESO ADICIONAL DE MATERIA--TÉRMINO DE MATERIA
9 (RLIN) 22830
Término de materia o nombre geográfico como elemento de entrada Jesucristo
Subdivisión general Historia de Las Doctrinas
-- Iglesia Primitiva. c.a.30- 600
910 ## - DATOS DE OPCIÓN DEL USUARIO (OCLC)
Datos de opción del usuario MFeliz
942 ## - ELEMENTOS DE PUNTO DE ACCESO ADICIONAL (KOHA)
Fuente del sistema de clasificación o colocación Dewey Decimal Classification
Tipo de ítem Koha Libro
Existencias
Estado de retiro Estado de pérdida Fuente del sistema de clasificación o colocación Restricciones de uso No para préstamo Código de colección Localización permanente Ubicación/localización actual Ubicación en estantería Fecha de adquisición Fuente de adquisición Total de préstamos Signatura topográfica completa Código de barras Fecha visto por última vez Precio válido a partir de Tipo de ítem Koha
    Dewey Decimal Classification Excluido de préstamo   Patrimonio Dominicano Biblioteca Nacional Pedro Henríquez Ureña Biblioteca Nacional Pedro Henríquez Ureña En catalogación 19.02.2018 Depósito Legal / Amigo del Hogar   A742h 2022-5922 07.12.2022 07.12.2022 Libro

Con tecnología Koha